| 000 | 01219cam a2200313 i 4500 | ||
|---|---|---|---|
| 001 | 18703538 | ||
| 003 | SISC | ||
| 005 | 20161104163210.0 | ||
| 008 | 150717s2016 cau b 001 0 eng | ||
| 010 | _a 2015028146 | ||
| 020 | _a9781483359465 (pbk. : alk. paper) | ||
| 040 |
_aDLC _beng _cDLC _erda _dDLC |
||
| 042 | _apcc | ||
| 050 | 0 | 0 |
_aH 97 _b.B37 2016 |
| 082 | 0 | 0 | _a320.6 |
| 100 | 1 | _aBardach, Eugene. | |
| 245 | 1 | 2 |
_aA practical guide for policy analysis : _bthe eightfold path to more effective problem solving / _cEugene Bardach, Richard and Rhoda Goldman School of Public Policy, University of California, Berkeley, Eric M. Patashnik, Frank Batten School of Leadership and Public Policy, University of Virginia. |
| 250 | _a5th edition. | ||
| 260 |
_aLos Angeles : _bSage, _c2016. |
||
| 300 |
_axx, 200 pages ; _c24 cm. |
||
| 500 | _aIncludes bibliographical references and index. | ||
| 650 | 0 | _aPolicy sciences. | |
| 650 | 0 | _aDecision making. | |
| 650 | 0 | _aProblem solving. | |
| 700 | 1 | _aPatashnik, Eric M. | |
| 906 |
_a7 _bcbc _corignew _d1 _eecip _f20 _gy-gencatlg |
||
| 942 |
_2lcc _cBK |
||
| 999 |
_c305178 _d305178 |
||